Jeu ultime des noms d'Harry Potter - Statistiques

Statistiques générales
  • Ce quiz a été pris 197 fois
  • Le résultat moyen est 107 sur 180
Statistiques - réponses
Hint Réponse % Correct
Black Sirius
95%
Potter Harry
90%
Dumbledore Albus
89%
Lestrange Bellatrix
89%
Potter James
89%
Potter Lily
88%
Jedusor Tom
88%
Weasley Fred
86%
Weasley Fred II
86%
Weasley George
86%
Weasley Ginny
86%
Lovegood Luna
86%
Chang Cho
85%
Malefoy Drago
85%
Weasley Molly
85%
Pettigrew Peter
85%
Weasley Ron
85%
Hagrid Rubeus
85%
Serpentard Salazar
85%
Rogue Severus
85%
Weasley Arthur
84%
Delacour Fleur
84%
Granger Hermione
84%
Bell Katie
84%
Malefoy Lucius
84%
McGonagall Minerva
84%
Malefoy Narcissa
84%
Londubat Neville
84%
Dursley Pétunia
84%
Lupin Remus
84%
Weasley Bill
83%
Diggory Cédric
83%
Dursley Dudley
83%
Weasley Molly II
83%
Dursley Vernon
83%
Krum Viktor
83%
Ombrage Dolores
82%
Gryffondor Godric
82%
Croupton Barty
80%
Weasley Charlie
80%
Tonks Nymphadora
80%
Weasley Percy
80%
Maugrey Alastor
79%
Dragonneau Norbert
79%
Skeeter Rita
79%
Dubois Olivier
78%
Karkaroff Igor
77%
Brown Lavande
77%
Finnigan Seamus
77%
Dumbledore Abelforth
76%
Flitwick Filius
76%
Abbot Hannah
76%
Pouffsouffle Helga
76%
Patil Padma
76%
Black Regulus
76%
Crabbe Vincent
76%
Crivey Colin
75%
Fudge Cornelius
75%
Thomas Dean
75%
Slughorn Horace
75%
Patil Parvati
75%
Serdaigle Rowena
75%
Lovegood Xénophilius
75%
Lockhart Gilderoy
74%
Trelawney Sibylle
74%
Dursley Marjorie
73%
Diggory Amos
72%
Goyle Gregory
72%
Serdaigle Helena
72%
Tourdesac Bathilda
71%
Zabini Blaise
71%
Jordan Lee
71%
Johnson Angelina
70%
Rusard Argus
70%
Bryce | Londubat Frank
70%
Delacour Gabrielle
70%
Chourave Pomona
70%
Tonks Ted
70%
Greyback Fenrir
69%
Maxime Olympe
69%
Parkinson Pansy
69%
McLaggen Cormac
68%
Shacklebolt Kingsley
68%
Londubat Alice
67%
Dumbledore Arianna
67%
Grindelwald Gellert
67%
Weasley Rose
67%
Flint Marcus
65%
Lupin Teddy
64%
Bones Susan
63%
Potter Albus Severus
60%
Carrow Amycus
60%
Verpey Ludo
60%
Deauclaire Pénélope
60%
Scrimgeour Rufus
60%
MacMillan Ernie
59%
Potter James Sirius
59%
Potter Lily Luna
59%
Rocade Stan
59%
Carrow Alecto
58%
Dolohov Antonin
58%
Fletcher Mondingus
58%
Malefoy Scorpius
58%
Peverell Ignotus
57%
Finch-Fletchley Justin
57%
Tonks Andromeda
56%
Ollivander Garrick
56%
Weasley Hugo
56%
Bulstrode Millicent
56%
Lestrange Rodolphus
56%
Croupton Barty Jr
55%
Quirell Quirinus
55%
Spinnet Alicia
54%
Burbage Charity
54%
Doge Elphias
54%
Pomfresh Poppy
54%
Crivey Dennis
53%
Hopkirk Mafalda
53%
Dumbledore Perceval
51%
Bibine Renée
51%
Cattermole Mary
50%
Dippet Armando
49%
Sinistra Aurora
49%
Gaunt Marvolo
49%
Figg Arabella
48%
Londubat Augusta
48%
Dumbledore Kendra
48%
Gaunt Merope
48%
De Mismy-Porpington Nicholas
48%
Vane Romilda
48%
Weasley Victoire
47%
Black Phineas Nigellus
45%
Goldstein Anthony
43%
Rosier Evan
42%
Gaunt Morfin
41%
Binns Cuthbert
40%
Diggle Dedalus
39%
Corner Michael
39%
Boot Terry
39%
Thicknesse Pius
38%
Bones Amelia
36%
Weasley Roxanne
36%
Rockwood Augustus
35%
Weasley Dominique
35%
Prewett Fabian
35%
Prewett Gideon
35%
Prince Eileen
34%
Weasley Lucy
34%
Cattermole Reginald
33%
Peverell Cadmus
32%
Weasley Louis
32%
Edgecomb Marietta
32%
Lestrange Rabastan
32%
Gobe-Planche Wilhelmina
30%
Peverell Antioche
29%
Smith Zacharias
29%
Dawlish John
28%
Vance Emmeline
27%
Runcorn Albert
26%
Smith Hepzibah
26%
Ogden Bob
25%
Vector Septima
25%
Davies Roger
24%
Polkiss Piers
23%
Moldubec Céléstina
22%
Midgen Eloïse
21%
Cresswell Dirk
20%
Jones Hestia
20%
Macnair Walden
17%
Robins Demelza
16%
Marchebank Griselda
16%
Sloper Jack
16%
Podmore Sturgis
16%
Peakes Jimmy
15%
Kirke Andrew
14%
Jones Gwenog
14%
Coote Ritchie
14%
Gregorovitch Mykew
13%
Aucun quiz correspondant
Distribution des résultats
% des personnes avec chaque résultat
Percentile par nombre de réponses
Votre historique - résultats
Vous n’avez pas pris ce quiz